00592nam a2200169 a 450000100100000000500170001000800410002702000150006804000250008308200130010810000370012124500840015826000750024230000210031749000420033883000420038000004115420201002034649.0130920s1989 sp 000 0 spa d a8485861094 aDO-SdBNPbspacBNPHU axxxbxxx1 aHernández Sanchez-Barba, Mario13aLa Corona y el descubrimiento de América. /cMario Hernández Sanchez-Barba. aValencia, España :bAsociación Francisco López de Gomara,c1989. a220 p. ;c24 cm.1 aLa corona y los pueblos americanosv2 0aLa corona y los pueblos americanosv2